L'art gothique

保存先:
書誌詳細
フォーマット: 図書
言語:フランス語
出版事項: París Flammarion 1947
シリーズ:La Grammaire des Styles, 3
主題:
タグ: タグ追加
タグなし, このレコードへの初めてのタグを付けませんか!

MARC

LEADER 00000nam a2200000 a 4500
001 UCV7766
003 CL-VaPUC
008 890807e19470000FR |||||||||||||||||fre|d
082 0 4 |a 709.022  |b ART  |2 21 
245 1 2 |a L'art gothique 
300 |a 63 p 
942 |c BK 
945 |d 19890807 00:00:00 
260 |a París  |b Flammarion  |c 1947 
650 0 |a Arte gótico  |9 265512 
650 0 |a Arquitectura gótica  |9 265519 
651 0 |a Francia  |9 255157 
583 |a last modification  |c 19890807 00:00:00  |k Rodrigo Vera 
490 0 |a La Grammaire des Styles, 3 
999 |c 213396  |d 213394 
952 |0 0  |1 0  |4 0  |6 709_022000000000000_ART_1947  |7 0  |8 P  |9 195746  |a BIBARQ  |b BIBARQ  |d 2019-11-14  |i 2637383  |o 709.022 ART 1947  |p 2637383  |r 2025-01-20  |w 2019-11-14  |y BK  |k ARQ